书目信息 |
| 题名: |
中西医结合临床急危重症诊疗学
|
|
| 作者: | 郭广冉 主编 | |
| 分册: | ||
| 出版信息: | 长春 吉林科学技术出版社 2019.05 |
|
| 页数: | 184页 | |
| 开本: | 24cm | |
| 丛书名: | ||
| 单 册: | ||
| 中图分类: | R459.7 | |
| 科图分类: | ||
| 主题词: | 急性病--ji xing bing--中西医结合疗法 , 险症--xian zheng--中西医结合疗法 | |
| 电子资源: | ||
| ISBN: | 978-7-5578-4652-7 | |
| 000 | 00985nam0 2200253 450 | |
| 001 | CAL 0120192773697 | |
| 005 | 20230217093111.0 | |
| 010 | @a978-7-5578-4652-7@dCNY78.00 | |
| 100 | @a20190604d2019 em y0chiy0120 ea | |
| 101 | 0 | @achi |
| 102 | @aCN@b220000 | |
| 105 | @ak a 000yy | |
| 106 | @ar | |
| 200 | 1 | @a中西医结合临床急危重症诊疗学@Azhong xi yi jie he lin chuang ji wei zhong zheng zhen liao xue@f郭广冉主编 |
| 210 | @a长春@c吉林科学技术出版社@d2019.05 | |
| 215 | @a184页@d24cm | |
| 320 | @a有书目 (第184页) | |
| 330 | @a本书由浅入深地介绍了临床急危重症医学的基本问题、临床常见危重病、急性器官功能障碍及危重病常用诊疗技术, 内容全面详实, 有很好的临床可操作性, 内容包括: 急诊常用药物 ; 胸外科常见急危重症 ; 呼吸内科常见急危重症等。 | |
| 606 | 0 | @a急性病@Aji xing bing@x中西医结合疗法 |
| 606 | 0 | @a险症@Axian zheng@x中西医结合疗法 |
| 690 | @aR459.7@v5 | |
| 701 | 0 | @a郭广冉@Aguo guang ran@4主编 |
| 801 | 0 | @aCN@bBJXHZP@c20230228 |
| 905 | @b1395121-4@dR459.7@e154@f4 | |
| 中西医结合临床急危重症诊疗学/郭广冉主编.-长春:吉林科学技术出版社,2019.05 |
| 184页;24cm |
| ISBN 978-7-5578-4652-7:CNY78.00 |
| 本书由浅入深地介绍了临床急危重症医学的基本问题、临床常见危重病、急性器官功能障碍及危重病常用诊疗技术, 内容全面详实, 有很好的临床可操作性, 内容包括: 急诊常用药物 ; 胸外科常见急危重症 ; 呼吸内科常见急危重症等。 |
| ● |
| 相关链接 |
|
|
|
|
正题名:中西医结合临床急危重症诊疗学
索取号:R459.7/154
 
预约/预借
| 序号 | 登录号 | 条形码 | 馆藏地/架位号 | 状态 | 备注 |
| 1 | 1395121 | 213951213 | 第二样本阅览室/ [索取号:R459.7/154] | 在馆 | |
| 2 | 1395122 | 213951222 | 第三借阅区/ [索取号:R459.7/154] | 在馆 | |
| 3 | 1395123 | 213951231 | 第三借阅区/ [索取号:R459.7/154] | 在馆 | |
| 4 | 1395124 | 213951240 | 第三借阅区/ [索取号:R459.7/154] | 在馆 |